000 00424nam a2200145Ia 4500
008 230917s9999||||xx |||||||||||||| ||und||
040 _e56744
_aMAIN
041 _aEnglish
082 _a320.954 M697G
100 _aMitra, Subrata Kumar
245 0 _aGovernment instability in Indian states: West Bengal, Bihar, Uttar Pradesh and Punjab
260 _aDelhi
_bAjanta Publications
_c1978
300 _axi, 150 p.
942 _cBK
999 _c71569
_d71569